000 00213nam a2200097Ia 4500
008 170619s9999 xx 000 0 und d
100 _aKalsi P S
245 0 _aSteriochemistry
260 _bNew Delhi: MGH
260 _c2002
546 _aENGLISH
999 _c16578
_d16578